| 000 | 00457nam a22001577a 4500 | ||
|---|---|---|---|
| 003 | SGT | ||
| 020 | _a9788131512296 | ||
| 082 | _a658.049,PEN | ||
| 100 | _aPENG W. MIKE | ||
| 245 | _aINTERNATIONAL STRATEGIC MANAGEMENT | ||
| 260 |
_aNEW DELHI _bCENGAGE LEARNING _c2009 |
||
| 300 | _a429 | ||
| 650 | _aMANAGEMENT | ||
| 653 | _aFOUNDATIONS OF GLOBAL STRATEGY, BUSINESS-LEVEL STRATEGIES, CORPORATE-LEVEL STRATEGIES, INTEGRATIVE CASES | ||
| 942 |
_2ddc _cFCM |
||
| 999 |
_c9496 _d9496 |
||